[Event "Kiel op-B 26th"]
[Site "Kiel"]
[Date "2013.07.30"]
[Round "6"]
[White "Devic, Christian"]
[Black "Hentrop, Malte"]
[Result "1/2-1/2"]
[WhiteElo "1687"]
[BlackElo "1821"]
[PlyCount "42"]
[EventDate "2013.07.27"]
[EventType "swiss"]
[EventRounds "9"]
[EventCountry "GER"]
[SourceTitle "EXT 2018"]
[Source "ChessBase"]
[SourceDate "2017.10.13"]
[SourceVersion "1"]
[SourceVersionDate "2017.10.13"]
[SourceQuality "1"]

1. d4 d5 2. c4 c6 3. Nf3 Nf6 4. Nc3 a6 5. c5 Nbd7 6. Bf4 Nh5 7. g3 Nxf4 8. gxf4 Nf6 9. Qc2 g6 10. e3 b5 11. cxb6 Qxb6 12. Bd3 c5 13. dxc5 Qxc5 14. Rc1 Bg7 15. Na4 Qxc2 16. Rxc2 Bh3 17. Rg1 0-0 18. Nc5 Bf5 19. Bxf5 gxf5 20. Nd4 e6 21. f3 Rfc8 1/2-1/2